书目信息 |
| 题名: |
有机溶剂分析手册
|
|
| 作者: | 谢迪维奇 , 夫列克 著 | |
| 分册: | ||
| 出版信息: | 北京 化学工业出版社 1984.06 |
|
| 页数: | 412页 | |
| 开本: | 32开 | |
| 丛书名: | ||
| 单 册: | ||
| 中图分类: | O656 | |
| 科图分类: | ||
| 主题词: | 分析化学 , 分析(化学) | |
| 电子资源: | ||
| ISBN: | ||
| 000 | 00583nam0 2200205 45 | |
| 001 | 0006201021 | |
| 005 | 20000620104226.6 | |
| 010 | @d1.65元 | |
| 100 | @a20000620d1984 km y0chiy0120 ea | |
| 101 | 0 | @achi |
| 200 | 1 | @a有机溶剂分析手册@AYou Ji Rong Ji Fen Xi Shou Ce@f(捷)谢迪维奇,夫列克著@F(Jie)Xie Di Wei Qi,Fu Lie Ke Zhu |
| 210 | @a北京@c化学工业出版社@d1984.06 | |
| 215 | @a412页@d32开 | |
| 606 | 0 | @a分析化学 |
| 606 | 0 | @a分析(化学) |
| 690 | @aO656@v3 | |
| 701 | 0 | @a谢迪维奇@4著 |
| 701 | 0 | @a夫列克@4著 |
| 801 | @aCN@bPftUser@c20000620 | |
| 905 | @b209006-008@dO656@eX858@f3 | |
| 有机溶剂分析手册/(捷)谢迪维奇,夫列克著.-北京:化学工业出版社,1984.06 |
| 412页;32开 |
| ISBN :1.65元 |
| ● |
| 相关链接 |
|
|
|
正题名:有机溶剂分析手册
索取号:O656/X858
 
预约/预借
| 序号 | 登录号 | 条形码 | 馆藏地/架位号 | 状态 | 备注 |
| 1 | 209006 | 202090067 | 自科库401/401自科库 95排1列2层/ [索取号:O656/X858] | 在馆 | |
| 2 | 209007 | 202090076 | 自科库401/401自科库 95排1列2层/ [索取号:O656/X858] | 在馆 | |
| 3 | 209008 | 202090085 | 自科库401/401自科库 95排1列2层/ [索取号:O656/X858] | 在馆 | |
| 4 | 209009 | 202090094 | 自科库401/401自科库 95排1列2层/ [索取号:O656/X858] | 在馆 | |
| 5 | 209010 | 202090101 | 自科库401/401自科库 95排1列2层/ [索取号:O656/X858] | 在馆 |